000 00868nac a22002171u 4500
010 _a 2002029045
020 _a0878148027
082 0 0 _a622.3381
_bHOL
090 _c8868
_d8868
100 _aGuo, Boyun.
245 1 0 _aGas volume requirements for underbalanced drilling :
_bdeviated holes /
_cBoyun Guo, Ali Ghalambor.
260 _aTulsa, Okla. :
_bPennWell Corp.,2002
_cc2002.
300 _axx, 232 p. :
_bill. ;
_c24 cm.
500 _adistributer: Scientific home bookshop
504 _aIncludes bibliographical references and index.
511 _acatalogued by: wessam
650 0 _aUnderbalanced drilling (Petroleum engineering)
700 1 _aGhalambor, Ali.
942 _cBB
_k622.3381HOL
999 _c8868
_d8868